Top 150 Most Populated Subdivisions of Europe - Statistics

General Stats
  • This quiz has been taken 224 times
  • The average score is 77 of 149
Answer Stats
Country Subdivision Population % Correct
United Kingdom England 57.1 mil
95%
Germany Bavaria 13.2 mil
90%
Russia Moscow 12.9 mil | 8.48 mil
89%
Spain Catalonia 7.77 mil
87%
United Kingdom Scotland 5.54 mil
87%
United Kingdom Wales 3.14 mil
85%
Turkey Istanbul 10.3 mil
84%
Spain Madrid 6.73 mil
83%
United Kingdom Northern Ireland 1.92 mil
82%
Germany Hamburg 1.86 mil
81%
Italy Sicily 4.81 mil
80%
France Île-de-France 12.8 mil
79%
Spain Andalusia 8.48 mil
78%
Russia Saint Petersburg 5.53 mil
78%
Germany Berlin 3.68 mil
77%
Ukraine Kiev 1.50 mil | 2.46 mil
75%
Germany Saxony 4.05 mil
75%
Germany Baden-Württemberg 11.1 mil
74%
France Brittany 3.30 mil
74%
Italy Lombardy 9.96 mil
74%
Germany North Rhine-Westphalia 17.9 mil
73%
Belgium Flanders 6.76 mil
72%
France Normandy 3.27 mil
71%
Italy Sardinia 1.58 mil
71%
Ukraine Donetsk 3.38 mil
70%
Belgium Wallonia 3.69 mil
70%
Germany Brandenburg 2.54 mil
69%
Belarus Minsk 1.51 mil | 2.06 mil
69%
Sweden Stockholm 2.46 mil
69%
Italy Lazio 5.71 mil
68%
Italy Tuscany 3.65 mil
68%
Spain Valencia 5.08 mil
68%
Hungary Budapest 1.83 mil
67%
Portugal Lisbon 2.26 mil
67%
Greece Attica 3.76 mil
66%
Denmark Capital Region 1.88 mil
66%
France Provence-Alpes-Côte d'Azur 5.00 mil
66%
Germany Lower Saxony 8.03 mil
66%
Austria Vienna 1.95 mil
66%
Belgium Brussels-CapitalRegion 1.23 mil
65%
Spain Galicia 2.68 mil
65%
Czech Republic Prague 1.27 mil
65%
Germany Hesse 6.30 mil
64%
Greece Peloponnese,Western Greece and the Ionian 1.37 mil
64%
Spain Basque 2.20 mil
63%
Italy Veneto 4.84 mil
62%
Romania Bucharest 1.80 mil
61%
Germany Mecklenburg-Vorpommern 1.61 mil
61%
Ukraine Odessa 1.96 mil
61%
Portugal Porto 1.77 mil
61%
Ukraine Lviv 2.06 mil
60%
Poland Silesia 4.77 mil
59%
Serbia Belgrade 1.81 mil
58%
Denmark Central Denmark 1.35 mil
58%
Russia Crimea 1.89 mil
58%
Italy Emilia-Romagna 4.43 mil
58%
Ukraine Kharkiv 2.17 mil
58%
Germany Rhineland-Palatinate 4.11 mil
58%
Germany Schleswig-Holstein 2.92 mil
58%
France Grand Est 5.47 mil
57%
Ukraine Luhansk 1.75 mil
57%
Denmark Southern Denmark 1.24 mil
57%
Italy Piedmont 4.24 mil
56%
Russia Rostov 4.11 mil
56%
Greece Thessaly and CentralGreece 1.18 mil
56%
Bosnia andHerzegovina Federation of Bosniaand Herzegovina 2.06 mil
55%
Germany Thuringia 2.11 mil
55%
Switzerland Zürich 1.58 mil
55%
Italy Friuli-Venezia Giulia 1.19 mil
54%
Italy Liguria 1.50 mil
54%
France Nouvelle-Aquitaine 5.92 mil
54%
Germany Saxony-Anhalt 2.17 mil
54%
Spain Castile and León 2.37 mil
53%
Spain Aragon 1.32 mil
52%
Russia Volgograd 2.44 mil
52%
Spain Murcia 1.53 mil
51%
France Occitanie 5.84 mil
51%
Bulgaria Sofia City 1.31 mil
51%
Italy Calabria 1.84 mil
50%
Italy Campania 5.60 mil
50%
Czech Republic Moravia-Silesia 1.18 mil
50%
Italy Apulia 3.90 mil
49%
France Auvergne-Rhône-Alpes 7.92 mil
49%
France Bourgogne-Franche-Comté 2.77 mil
49%
Greece Macedonia andThrace 2.33 mil
49%
Russia Nizhny Novgorod 3.04 mil
49%
Russia Samara 3.10 mil
49%
France Pays de la Loire 3.75 mil
48%
Ukraine Dnipropetrovsk 2.58 mil
47%
France Hauts-de-France 5.91 mil
47%
Spain Castilla-La Mancha 2.05 mil
45%
France Centre-Val de Loire 2.53 mil
45%
Russia Krasnodar 5.74 mil
43%
Poland Kuyavia-Pomerania 2.20 mil
43%
Austria Lower Austria 1.69 mil
43%
Russia Perm 2.48 mil
43%
Poland Pomerania 2.56 mil
43%
Spain Balearic Islands 1.17 mil
42%
Russia Chechnya 1.51 mil
42%
Russia Tatarstan 3.95 mil
42%
Poland Masovia 5.98 mil
41%
Poland Łódź 2.61 mil
39%
Russia Saratov 2.37 mil
39%
Austria Upper Austria 1.51 mil
39%
Belarus Brest 1.36 mil
38%
Russia Voronezh 2.26 mil
38%
Russia Dagestan 3.17 mil
37%
Russia Leningrad 2.00 mil
37%
Poland Greater Poland 3.80 mil
35%
Ukraine Zaporizhia 1.36 mil
35%
Italy Abruzzo 1.27 mil
34%
Belarus Gomel 1.39 mil
34%
Poland Lublin 2.23 mil
34%
Italy Marche 1.48 mil
34%
Poland Lesser Poland 3.72 mil
33%
Russia Belgorod 1.50 mil
31%
Poland Lower Silesia 3.15 mil
30%
Russia Orenburg 1.82 mil
30%
Austria Styria 1.24 mil
30%
Russia Bashkortostan 4.03 mil
29%
Russia Vladimir 1.31 mil
29%
Russia Yaroslavl 1.18 mil
29%
Russia Tver 1.20 mil
28%
Russia Bryansk 1.14 mil
27%
Russia Stavropol 2.85 mil
27%
Russia Tula 1.46 mil
27%
Belarus Vitebsk 1.13 mil
25%
Poland West Pomerania 1.80 mil
25%
Poland Warmia-Masuria 1.50 mil
23%
Ukraine Poltava 1.13 mil
21%
Sweden Skåne 1.43 mil
21%
Poland Subcarpathia 2.27 mil
21%
Poland Holy Cross 1.30 mil
20%
Czech Republic Central Bohemia 1.38 mil
19%
Russia Penza 1.23 mil
19%
Russia Ulyanovsk 1.17 mil
19%
Hungary Pest 1.33 mil
18%
Finland Uusimaa 1.73 mil
18%
Ukraine Vinnytsia 1.26 mil
18%
Russia Chuvashia 1.16 mil
17%
Poland Podlaskie 1.25 mil
17%
Czech Republic South Moravia 1.18 mil
17%
Russia Udmurtia 1.42 mil
16%
Turkey Tekirdağ 1.15 mil
15%
Norway Viken 1.29 mil
11%
Sweden Västra Götaland 1.77 mil
10%
No matching quizzes found
Score Distribution
Percent of People with Each Score
Percentile by Number Answered
Your Score History
You have not taken this quiz